000 00418nmm a2200145Ia 4500
008 251105s9999||||xx |||||||||||||||||und||
041 _aspa
100 _aBarrios, Jairo
245 0 _aMi hijo está vivo
264 _a[Madrid, España] :
_bMedinaliber Hispánica,
_c2021
300 _a0 páginas
650 _aMind, body and spirituality
856 _uhttps://public.digitaliapublishing.com/a/100591
942 _cCF
999 _c106862
_d106862